Le droit de la nature et des gens ou Systeme general des principes les plus importans de la morale, de la jurisprudence et de la politique (Record no. 162690)

MARC details
000 -LEADER
campo de control de longitud fija 01472nam a22002775i 4500
001 - NÚMERO DE CONTROL
campo de control 162690
003 - IDENTIFICADOR DE NÚMERO DE CONTROL
campo de control ES-MaACL
005 - FECHA Y HORA DE LA ÚLTIMA TRANSACCIÓN
campo de control 20250907063123.0
008 - DATOS DE LONGITUD FIJA--INFORMACIÓN GENERAL
campo de control de longitud fija 050627s1732 sz | |||||||| ||fre d
040 ## - FUENTE DE CATALOGACIÓN
Centro catalogador/agencia de origen CAM
Lengua de catalogación spa
Centro/agencia transcriptor CAM
100 1# - ENTRADA PRINCIPAL--NOMBRE DE PERSONA
Nombre de persona Pufendorf, Samuel,
Títulos y otros términos asociados al nombre Freiherr von,
Fechas asociadas al nombre 1632-1694
9 (RLIN) 131409
245 13 - MENCIÓN DEL TÍTULO
Título Le droit de la nature et des gens ou Systeme general des principes les plus importans de la morale, de la jurisprudence et de la politique
Resto del título : ou Systeme general des principes les plus importans de la morale, de la jurisprudence et de la politique : tome second /
Mención de responsabilidad, etc. traduit du latin de feu Mr. le baron de Pufendorf par Jean Barbeytac ...; avec des notes du traducteur & une préface...
260 ## - PUBLICACIÓN, DISTRIBUCIÓN, ETC.
Lugar de publicación, distribución, etc. A Basle :
Nombre del editor, distribuidor, etc. chez E. & J.R. Thourneisen, Freres,
Fecha de publicación, distribución, etc. 1732.
300 ## - DESCRIPCIÓN FÍSICA
Extensión [4], 506, [34], 20 p. :
Otras características físicas il. ;
Dimensiones 4º (25 cm)
595 ## -
-- Mención de ed. precede a la mención de parte.
597 ## - NOTA DE DESCRIPCIÓN FÍSICA
NOTA DE DESCRIPCIÓN FÍSICA *2, A-3A4, 3Y, A-B4, C2.
597 ## - NOTA DE DESCRIPCIÓN FÍSICA
NOTA DE DESCRIPCIÓN FÍSICA Port. a dos tintas con esc. calc.
597 ## - NOTA DE DESCRIPCIÓN FÍSICA
NOTA DE DESCRIPCIÓN FÍSICA Texto a línea tirada con los comentarios a dos col.
599 ## - NOTA A LAS ILUSTRACIONES
NOTA A LAS ILUSTRACIONES El esc. calc: "G. Bademaker delin., G. Gouwen esculp.", alegórico.
650 07 - PUNTO DE ACCESO ADICIONAL DE MATERIA--TÉRMINO DE MATERIA
Término de materia o nombre geográfico como elemento de entrada Derecho natural
Fuente del encabezamiento o término embne
9 (RLIN) 11744
700 1# - ENTRADA AGREGADA--NOMBRE PERSONAL
Nombre de persona Barbeytac, Jean.
9 (RLIN) 125804
740 0# - ENTRADA AGREGADA--TÍTULO RELACIONADO/ANALÍTICO NO CONTROLADO
Título relacionado o analítico no controlado Systeme general des principes les plus importans de la morale, de la jurisprudence et de la politique.
852 ## - LOCALIZACIÓN
Ubicación ES-MaACL
Número de control de estantería R-1040-41
Nota libre -- Enc. hol.
Encuadernación -- Olim: G-6989- 90
Holdings
Estatus retirado Estado de pérdida Estado de daño No para préstamo Colección Biblioteca de origen Biblioteca actual Ubicación en estantería Fecha de adquisición Total de préstamos Signatura topográfica completa Código de barras Visto por última vez Precio de reemplazo Tipo de ítem Koha
        Libros del s. XVIII Biblioteca del Ateneo de Madrid Biblioteca del Ateneo de Madrid Depósito 17/01/2008   R-1040-41 1170445 23/02/2023 23/02/2023 Libro impreso antiguo